Statistics for Visual Rhymes #8

Click here to take the quiz!

General Stats

  • This quiz has been taken 70 times
  • The average score is 16 of 24

Answer Stats

Hint Answer % Correct
Viva Las _____Vegas
93%
Pizza toppingCheese
88%
Use a needleSew
87%
Donate toGive
85%
Take the plungeDive
83%
Hardly anyFew
82%
Birds in a gaggleGeese
73%
ClergymanPriest
72%
Least wetDriest
70%
Zilch, naughtNothing
68%
Went without foodFasted
63%
Garb, attireClothing
63%
Painter EdgarDegas
63%
Food allowanceRation
62%
Savoured foodTasted
62%
Country, landNation
60%
Britain's ChamberlainNeville
58%
Scaredy-catCoward
57%
Tweety, egCanary
57%
Spanish citySeville
57%
In the direction ofToward
53%
Wheat storehouseGranary
53%
Neck and neckEven
52%
Roman hills countSeven
48%

Score Distribution

Percentile by Number Answered

Percent of People with Each Score

Your Score History

You have not taken this quiz